| 000 | 00756nam a22002411c 4500 | ||
|---|---|---|---|
| 001 | 253028310 | ||
| 008 | 170227s1998 gw |||| 000u ger d | ||
| 020 |
_a3861083132 _93-86108-313-2 |
||
| 041 | _ager | ||
| 245 | 0 | 4 |
_aDie großen Streiks : _bNeue Arbeiterbewegung, Systemwechsel und Gewerkschaften in Rußland ; Berichte, Analysen, Dokumente / _cMelanie Tatur (Hrsg.) |
| 264 |
_aBremen : _bEd. Temmen, _c1998 |
||
| 300 | _a187 Seiten | ||
| 650 | 0 | _aGewerkschaft | |
| 650 | 0 | _aStreik | |
| 650 | 0 | _aArbeiter | |
| 651 | 0 | _aSowjetunion | |
| 655 | 0 | _aQuelle | |
| 700 | 1 |
_aTatur, Melanie _eHerausgeberIn |
|
| 942 | _cMG | ||
| 040 | _cRU-10907106 | ||
| 003 | RU-10907106 | ||
| 999 |
_c42349 _d42349 |
||
| 490 | 0 |
_aDokumentationen zur Kultur und Gesellschaft im östlichen Europa _v4 |
|